000 00283nam a2200133 a 4500
005 20140414132006.0
008 110223s19uu xx 00 eng d
050 _aDVD
_bC26
245 _aCast away.
650 _aSurvival
650 _aHope
650 _aCourage
999 _c113194
_d113194